01017nam a2200217 a 450000100100000000500170001000800410002702000150006804000250008324501370010826000320024530000260027749000820030350400730038550500600045870000360051870000330055483000890058795201060067699900170078200004118620201002034705.0130925s1992 sp 000 0 spa d a8476583303 aDO-SdBNPbspacBNPHU00aCuestiones Epistemológicas :bmateriales para una filosofía de la religión /ccoordinadores Gómez Caffarena , J.M. Mardones. aMadrid :bAnthropos,c1992. av. (300 p.) ;c20 cm.1 aPensamiento crítico/Pensamiento utópicoafilosofía de la religiónv64 aIncluye referencias bibliográficas y notas al pie de las páginas0 av.1 :tmateriales para una filosofía de la religión1 aCaffarena, Gómezecoor967751 aMardones, J.M.ecoor.967752 0aPensamiento crítico/Pensamiento utópicopfilosofía de la religiónn64967753 0010507-18MOaGRbGRcOId2013-09-25iLF1l0o p41186-10r2020-06-25w2020-06-25y1ZNo se presta c40676d40676